000 00245nam a22000857a 4500
008 160704b xxu||||| |||| 00| 0 eng d
100 _91919
_a Ghai, S., et al
245 _aGreat Scientific Inventions
260 _aNew Delhi
_bStreeling Publication
_c1997
999 _c1621
_d1621